<?xml version="1.0" encoding="UTF-8"?>
<record
    xmlns:xsi="http://www.w3.org/2001/XMLSchema-instance"
    xsi:schemaLocation="http://www.loc.gov/MARC21/slim http://www.loc.gov/standards/marcxml/schema/MARC21slim.xsd"
    xmlns="http://www.loc.gov/MARC21/slim">

  <leader>00670nam a2200181Ia 4500</leader>
  <controlfield tag="008">100920s9999    xx            000 0 und d</controlfield>
  <datafield tag="082" ind1=" " ind2=" ">
    <subfield code="b">102580</subfield>
    <subfield code="a">49 &#x928; 08</subfield>
  </datafield>
  <datafield tag="100" ind1=" " ind2=" ">
    <subfield code="a">&#x91D;&#x93E;&#x902;&#x921;&#x92E;&#x928; &#x92B;&#x947;&#x932;&#x93F;&#x915;&#x94D;&#x938; /&#x905;&#x928;&#x941;.&#x92E;&#x939;&#x93E;&#x91C;&#x928;.&#x938;&#x94D;&#x928;&#x947;&#x939;&#x93E;.&#x935;&#x93F;.</subfield>
  </datafield>
  <datafield tag="245" ind1=" " ind2=" ">
    <subfield code="a">&#x935;&#x93F;&#x936;&#x947;&#x937; &#x92A;&#x930;&#x94D;&#x935;.</subfield>
  </datafield>
  <datafield tag="260" ind1=" " ind2=" ">
    <subfield code="b">&#x938;&#x943;&#x91C;&#x928; &#x90F;&#x902;&#x91F;&#x930;&#x92A;&#x94D;&#x930;&#x93E;&#x907;&#x91C;&#x947;&#x938;,&#x92A;&#x941;&#x923;&#x947;.</subfield>
    <subfield code="c">2008</subfield>
  </datafield>
  <datafield tag="300" ind1=" " ind2=" ">
    <subfield code="a">410</subfield>
    <subfield code="b">&#x938;&#x93E;&#x927;&#x940;</subfield>
  </datafield>
  <datafield tag="365" ind1=" " ind2=" ">
    <subfield code="b">395</subfield>
  </datafield>
  <datafield tag="520" ind1=" " ind2=" ">
    <subfield code="a">&#x921;&#x93F;&#x92A;&#x949;&#x91D;&#x93F;&#x91F; &#x938;&#x947;&#x915;&#x94D;&#x936;&#x928;.</subfield>
  </datafield>
  <datafield tag="630" ind1=" " ind2=" ">
    <subfield code="a">&#x935;&#x93F;&#x936;&#x947;&#x937; &#x92A;&#x930;&#x94D;&#x935;.</subfield>
  </datafield>
  <datafield tag="650" ind1=" " ind2=" ">
    <subfield code="a">&#x921;&#x93F;&#x92A;&#x949;&#x91D;&#x93F;&#x91F; &#x938;&#x947;&#x915;&#x94D;&#x936;&#x928;.</subfield>
  </datafield>
  <datafield tag="730" ind1=" " ind2=" ">
    <subfield code="a">&#x935;&#x93F;&#x936;&#x947;&#x937; &#x92A;&#x930;&#x94D;&#x935;.</subfield>
  </datafield>
  <datafield tag="942" ind1=" " ind2=" ">
    <subfield code="c">BOOK</subfield>
  </datafield>
  <datafield tag="999" ind1=" " ind2=" ">
    <subfield code="c">743012</subfield>
    <subfield code="d">743009</subfield>
  </datafield>
  <datafield tag="952" ind1=" " ind2=" ">
    <subfield code="0">0</subfield>
    <subfield code="1">0</subfield>
    <subfield code="4">0</subfield>
    <subfield code="7">0</subfield>
    <subfield code="a">SATVAC</subfield>
    <subfield code="b">SATVAC</subfield>
    <subfield code="c">49 &#x928; 08</subfield>
    <subfield code="d">0000-00-00</subfield>
    <subfield code="g">395.00</subfield>
    <subfield code="l">0</subfield>
    <subfield code="p">SATVAC-102580</subfield>
    <subfield code="r">2010-09-20 00:00:00</subfield>
    <subfield code="w">2010-09-20</subfield>
    <subfield code="y">BOOK</subfield>
    <subfield code="z">&#x926;&#x947;&#x935;&#x918;&#x947;&#x935;</subfield>
  </datafield>
</record>
